000 00659nam a2200229Ia 4500
003 OSt
005 20221006164417.0
006 a|||||r|||| 00| 0
007 ta
008 221006b |||||||| |||| 00| 0 eng d
024 _a2,382
037 _cTextual
040 _aFML
_cFML
_beng
041 _2eng
_aeng
082 _aNR5.1, K22
100 _aRichmond Hugo Au.
_9677406
245 0 _aHistory of Music Theory
_b Polyphonic Theory from the 9th to 17th Century
260 _aNebrooka
_bUniversity of Nibrooka Press
_c1962
300 _a431
_ccm.
942 _hNR5.1, K22
_cTEXL
_2CC
999 _c1117177
_d1117177